000 00675nam a22001937a 4500
005 20240521115030.0
010 _aENG-140400
020 _a9789392038761
_c1295.00
035 _aEN-123932
037 _bDBAD
082 _a230.8
100 _aKalita, Tapan
_966574
245 _aA Descriptive Account of tr Temples of Assam and Odisha:
_bRites, Rituals and their Endowments/
_cby Tapan Kalita
260 _aAssam
_bEBH Publishers, an imprint of Eastern Book House
_c2024
270 _a136, M.L. Nehru Road, Panbazar, Guwahati
_bAssam
_e781001
300 _a184 p.
_c24 cm, (hb}
700 _aKalita, Tapan
_966297
_eAuthor
942 _2ddc
_cEN
_h230.8
_mKAL
999 _c203068
_d203068